000
00358nam a2200157Ia 4500
005
20250425161443.0
008
250425s9999 xx 000 0 und d
041
_a
eng
082
_a
634.93
245
0
_a
PHOTOGRAMMETRY AND PHOTO-INTERPRETATION
250
_a
S.E.
260
_a
S.L.
260
_a
Sin Pais
_b
ROPR
_c
1960
942
_c
01
010
_a
20708
999
_c
209603
_d
209603